000 00737nam a2200205 i 4500
001 142540
003 ES-MaACL
005 20230906200542.0
007 t|
008 071005s1960 sp ||||1| spa d
100 1 _aWittmer, Margret.
_9117195
245 1 0 _aFloreana, lista de correos :
_buna mujer Robinson en las islas Galápagos /
_cMargret Wittmer ; [con la colaboración de Hans Joachim Heinrich] ; [traducción de Mariano Horta Manzano].
260 _aBarcelona :
_bJuventud,
_c1960.
300 _a255 p. ;
_c24 cm.
600 1 4 _aWittmer, Margret.
_9117195
651 4 _aFloreana-
_xDescripción.
_98667
700 1 _aHeinrich, Hans Joachim.
_962382
700 1 _aHorta Manzano, Mariano.
_964255
852 4 _aES-MaACL
_jC-19565
999 _c142540
_d142540